| 000 | 01033nam a22002177a 4500 | ||
|---|---|---|---|
| 999 |
_c11815 _d11815 |
||
| 003 | AR-CdUCM | ||
| 008 | 190405b ||||| |||| 00| 0 spa d | ||
| 040 |
_aMUNICIPALIDAD PROVINCIAL DEL CUSCO _cBIBLIOTECA MUNICIPAL DEL CUSCO |
||
| 082 |
_a345.7 / _bL21 / 1894 |
||
| 100 |
_aLama Miguel Antonio de la _928722 |
||
| 245 | _aPerú. Código de enjuiciamientos en materia civil./ | ||
| 260 |
_aLima : _b Impr. y Libr. Gil, _c1894. |
||
| 300 |
_a703 paginas ; _c21 cm. |
||
| 505 | _aContenido : De la jurisdicción de las personas que las ejercen y de las que interviene en su ejercicio -- De la jurisdicción y sus especies -- Del modo como se adquiere, se suspende o se pierde la jurisdicción -- De las personas que intervienen en el ejercicio de la jurisdicción -- De las primeras instancias de los juicios civiles... | ||
| 650 |
_aDerecho civil _95265 |
||
| 650 |
_aLegislacion _96380 |
||
| 650 |
_aPromotores fiscales _929369 |
||
| 650 |
_aAbogados defensores _929370 |
||
| 942 |
_2ddc _cLIBROS |
||
| 945 |
_awnts _d2019-04-05 |
||